B. & C., The Mycological Association Of M.j. Berkeley And M.a. Curtis (Record no. 592416)

MARC details
000 -LEADER
fixed length control field 00437nam a2200157 a 4500
008 - FIXED-LENGTH DATA ELEMENTS--GENERAL INFORMATION
fixed length control field 251018s2025##################000#0#eng##
020 ## - INTERNATIONAL STANDARD BOOK NUMBER
ISBN 3768212580
082 04 - DEWEY DECIMAL CLASSIFICATION NUMBER
Classification number 589.20922
Item number PET
100 1# - MAIN ENTRY--AUTHOR NAME
Personal name Petersen, Ronald H.,
245 10 - TITLE STATEMENT
Title B. & C., The Mycological Association Of M.j. Berkeley And M.a. Curtis
Statement of responsibility, etc Petersen, Ronald H.,
260 ## - PUBLICATION, DISTRIBUTION, ETC. (IMPRINT)
Year of publication 1980
300 ## - PHYSICAL DESCRIPTION
Number of Pages 124 pages
650 ## - SUBJECT ADDED ENTRY--TOPICAL TERM
Topical Term Science
942 ## - ADDED ENTRY ELEMENTS (KOHA)
Koha item type English Books
Holdings
Withdrawn status Lost status Damaged status Not for loan Home library Current library Shelving location Date acquired Full call number Accession Number Price effective from Koha item type
        Anna Centenary Library Anna Centenary Library 5TH FLOOR, B WING 18.10.2025 589.20922 PET 172692 18.10.2025 Books

Find us on the map